01001nam a2200301Ia 4500001000700000008004100007020001800048035001600066041000800082084001300090245015600103260003000259300004500289650002300334650003700357650002800394650001900422650002500441710002200466901000600488903000700494904000800501953003700509999001700546910000900563942001500572952011200587037985221003s2005 xx 000 0 spa d a958-33-8021-0 aCENDO_28138 aspa aCD-12536 0aDeuda pública territorial :bconjura de la banca y el gobierno central contra las regiones : propuestas para un reordenamiento financiero de Colombia a[Bogotá] :bUNED,c2005 a215 p. : bil., gráf., tab. ;c 24 cm aDEUDA PUBLICA9159 aFINANCIAMIENTO DEL DEFICIT94789 aPOLITICA FINANCIERA988 aCOLOMBIA91526 aAMERICA LATINA91230 aUNEB,eed.924261 a0 aNO a000 d2013-10-31yMONOGRAFIAoCD-12536 c28137d28137 a2005 cMONOGRAFIA 00104070aCENDObCENDOd2013-10-31l0oCD-12536pCENDO_28138r2022-10-05 00:00:00w2022-10-05yMONOGRAFIA